Administración del currículum /
| Päätekijä: | |
|---|---|
| Aineistotyyppi: | Kirja |
| Kieli: | espanja |
| Julkaistu: |
San José, Costa Rica :
EUNED,
1994
|
| Aiheet: |
MARC
| LEADER | 00000nam a2200000Ia 4500 | ||
|---|---|---|---|
| 008 | 171208b1994 cr ||||| |||| 00| | spa d | ||
| 999 | |c 1000 |d 1000 | ||
| 020 | |a 9977640513 | ||
| 090 | |a 06.02.01 |b 976 | ||
| 100 | 1 | |a Ugalde Víquez, Jesús |9 248 | |
| 245 | 1 | 0 | |a Administración del currículum / |c Jesús Ugalde Víquez |
| 260 | |a San José, Costa Rica : |b EUNED, |c 1994 | ||
| 300 | |a 171 páginas | ||
| 650 | 1 | 4 | |a EDUCACIÓN |9 1 |
| 650 | 1 | 4 | |a ADMINISTRACIÓN |9 2299 |
| 650 | 1 | 4 | |a CURRÍCULO (EDUCACIÓN) |9 342 |
| 942 | |i 001686 |h 06.02.01 976 |2 z |c 01 | ||
